000 00601nam a22001937a 4500
003 OSt
005 20160531105706.0
008 160531b xxu||||| |||| 00| 0 eng d
010 _a2006939532
020 _a 9780495011668 0495011665
040 _cn/a
050 _aQA303.2
_b.S7315 2008
100 _a Stewart,James
245 _aCalculus : early transcendentals
_b
_cJames Stewart.
250 _a6th ed
_binstuctor's ed.
260 _a Belmont, CA :
_bThomson Brooks/Cole
_c c2008.
300 _a1 v. (various pagings) :
_b ill. (some col.) ;
_c 26 cm.
942 _2lcc
_cBK
999 _c254275
_d254274